000 00912cam a2200253 i 4500
001 18760855
005 20180228090152.0
008 150826s2017 maua b 001 0 eng
010 _a 2015029521
020 _a9780134014548 (pbk.)
020 _a0134014545 (pbk.)
040 _aDLC
_beng
_cDLC
_erda
_dDLC
041 _aeng
042 _apcc
080 _a428.0071 SUZ
082 0 0 _a428.0071 SUZ
_223
100 1 _a25
101 _aEDU
245 1 0 _aReading, writing, and learning in ESL :
_cSuzanne F. Peregoy, San Francisco State University, Owen F. Boyle, San Jose State University.
504 _aIncludes bibliographical references (pages 472-488) and indexes.
906 _a7
_bcbc
_corignew
_d1
_eecip
_f20
_gy-gencatlg
942 _2ddc
_cBK
999 _c43725
_d43725